Southville International School and Colleges
Your cart is empty.
  • Cart
  • Lists
    Public lists Eva Luna New books Lux_list list_1
    Your lists Log in to create your own lists
  • Log in to your account
  • Your cookies
  • Search history
Southville International School and Colleges
  • Advanced search
  • Recent comments
  • Most popular
  • Libraries

Log in to your account

Log in with GOOGLE


If you do not have an external account, but do have a local account, you can still log in:

  1. Home
  2. MARC view: Animal friends /
Normal view MARC view ISBD view

Animal friends / (Record no. 11983)

[ view plain ]
MARC details
000 -LEADER
fixed length control field 00989pam a2200325 a 4500
001 - CONTROL NUMBER
control field 1022170
003 - CONTROL NUMBER IDENTIFIER
control field OSt
005 - DATE AND TIME OF LATEST TRANSACTION
control field 20140310182331.0
008 - FIXED-LENGTH DATA ELEMENTS--GENERAL INFORMATION
fixed length control field 881221s1989 vaua j 000 0 eng
010 ## - LIBRARY OF CONGRESS CONTROL NUMBER
LC control number 88036635
020 ## - INTERNATIONAL STANDARD BOOK NUMBER
International Standard Book Number 0809448491
020 ## - INTERNATIONAL STANDARD BOOK NUMBER
International Standard Book Number 0809448505 (lib. bdg.)
040 ## - CATALOGING SOURCE
Original cataloging agency DLC
Transcribing agency DLC
Modifying agency DLC
042 ## - AUTHENTICATION CODE
Authentication code lcac
050 00 - LIBRARY OF CONGRESS CALL NUMBER
Classification number QL 49
Item number .An584 1993
082 00 - DEWEY DECIMAL CLASSIFICATION NUMBER
Classification number GS 591
Item number An5 1989
245 00 - TITLE STATEMENT
Title Animal friends /
260 ## - PUBLICATION, DISTRIBUTION, ETC. (IMPRINT)
Place of publication, distribution, etc Alexandia, Va. :
Name of publisher, distributor, etc Time-Life Books,
Date of publication, distribution, etc 1993.
300 ## - PHYSICAL DESCRIPTION
Extent 87 p. :
Other physical details col. ill. ;
Dimensions 31 cm.
440 #2 - SERIES STATEMENT/ADDED ENTRY--TITLE
Title A Child's first library of learning
9 (RLIN) 21428
650 #0 - SUBJECT ADDED ENTRY--TOPICAL TERM
Topical term or geographic name as entry element Animals
General subdivision Miscellanea
-- Juvenile literature.
9 (RLIN) 21429
650 #0 - SUBJECT ADDED ENTRY--TOPICAL TERM
Topical term or geographic name as entry element Pets
General subdivision Miscellanea
-- Juvenile literature.
9 (RLIN) 21430
650 #1 - SUBJECT ADDED ENTRY--TOPICAL TERM
Topical term or geographic name as entry element Animals
General subdivision Miscellanea.
9 (RLIN) 21431
650 #1 - SUBJECT ADDED ENTRY--TOPICAL TERM
Topical term or geographic name as entry element Pets
General subdivision Miscellanea.
9 (RLIN) 21432
650 #1 - SUBJECT ADDED ENTRY--TOPICAL TERM
Topical term or geographic name as entry element Questions and answers.
9 (RLIN) 4945
710 2# - ADDED ENTRY--CORPORATE NAME
Corporate name or jurisdiction name as entry element Time-Life Books.
9 (RLIN) 9809
906 ## - LOCAL DATA ELEMENT F, LDF (RLIN)
a 7
b cbc
c orignew
d 1
e ocip
f 19
g y-gencatlg
942 ## - ADDED ENTRY ELEMENTS (KOHA)
Source of classification or shelving scheme Library of Congress Classification
Koha item type
Holdings
Withdrawn status Lost status Source of classification or shelving scheme Damaged status Home library Current library Shelving location Date acquired Total Checkouts Full call number Barcode Date last seen Copy number Price effective from Koha item type
    Library of Congress Classification   Luxembourg Library Luxembourg Library Grade School Section 09/24/2013   QL 49 .An584 1993 10391 09/24/2013 1 09/24/2013 Books

Animal friends /

APA

Time-Life Books, . (1993). Animal friends. Alexandia, Va: Time-Life Books.

Chicago

Time-Life Books, . 1993. Animal friends. Alexandia, Va: Time-Life Books.

Harvard

Time-Life Books, . (1993). Animal friends. Alexandia, Va: Time-Life Books.

MLA

Time-Life Books, . Animal friends. Alexandia, Va: Time-Life Books. 1993.

  • Place hold
  • Print
  • Cite
  • Add to your cart (remove)
  • Save record
    BIBTEX Dublin Core MARCXML MARC (non-Unicode/MARC-8) MARC (Unicode/UTF-8) MARC (Unicode/UTF-8, Standard) MODS (XML) RIS
  • More searches
    Search for this title in:
    Other Libraries (WorldCat) Other Databases (Google Scholar) Online Stores (Bookfinder.com) Open Library (openlibrary.org)

Exporting to Dublin Core...

SOUTHVILLE LIBRARY

Southville International School and Colleges Library

1281 Tropical Ave. Cor. Luxembourg St., BF Homes International, Las Pinas City

Tel. No. 8256374 / 252358 Loc. 117/146

Powered by Koha